Eurovision 2022 Song Lyrics - Statistics

General Stats
  • This quiz has been taken 447 times
  • The average score is 22 of 40
Answer Stats
Lyrics Song % Correct
Being green is hot (it's hot)Being green is cool (it's cool) Eat Your Salad
83%
Hola, mi bebé-bé Llámame
81%
Ho sognato di volare con teSu una bici di diamanti Brividi
76%
Y no se confundan, señora' y señore' SloMo
74%
I've searched around the universeBeen down some black holes Space Man
73%
Вона мене колисала дала мені ритм І напевне силу волі не забрати в мене, бо дала вона Stefania
73%
Bye, bye, fool That's Rich
73%
Yum, yum, yum, yum-yum-yum Give That Wolf a Banana
68%
Koja li je tajna zdrave kose Megan Markl? In corpore sano
68%
So baby, bye, byeWish you the best But most of all, I wish that I could love you less Hold Me Closer
67%
Mountains, they crumbleAnd rivers they run dry Boys Do Cry
61%
Στην αγκαλιά μου, ζήσε άλλη μια μέραΣτην αγκαλιά μου, πάμε μαζί πιο πέρα Ela
60%
Hey ho! Let's go! Folklore and Rock'n'roll Trenulețul
60%
Ken je het gevoel dat, dat je droom niet uitkomt De Diepte
59%
We can be CEOsYeah, you already know Halo
59%
Where are you now when I miss you?You're sailin' around in my peripheral Lights Off
59%
Nothing more that I can saySays it in a better way Saudade, saudade
59%
I don't know (hey) All I need is love (hey-hey) Stripper
57%
You don't wanna test my limitsBut something tells me you're not listenin' Circles
56%
Who'd wanna be a kingPulling too many strings River
56%
And in time I've always knownI'm never in the safety zone Intention
54%
I'm in your back seatYou are driving me crazy Die Together
53%
Tu, tai tu, tai tuSeniai matytas veide Sentimentai
53%
Nuk e di, si për tjetrën m'ke lonEdhe sot un po du me ta thon Sekret
52%
I'm shameless and I'm spotless and I'm flawless I.M
50%
Midnight, it's time to put your face on Jezebel
50%
I was told at six years oldThey'd avoid me if my heart was cold Not The Same
50%
Where are you?You're still in my heart Snap
50%
You can try meYou can't stop me The Show
50%
Ker gledam teKo brez mene z drugim stran odhajaš Disko
46%
You always go and blame the weather, the weather Fade To Black
46%
Oc'h ober fae deus ar fall loened e tañsanMe bak an tan en o lagad leun a droukc'hoant Fulenn
46%
This is my master planI'm gonna take a stand I Am What I Am
46%
Dreamt of you last nightWoke up, you weren't there Guilty Pleasure
43%
Wish there was a way to know that we're inThe good old days before we all just leave 'em Rockstars
42%
We let them tell us what to do, why, why, why? Hope
41%
Sometimes I feel goodSometimes I lose my mind and my soul Miss You
40%
The battle for the lifeIs bigger than you know Breathe
36%
Take me to the space craft, take me to dance club Lock Me In
34%
Öldurót í hljóðri sálÞrautin þung umvafin sorgarsárum Með hækkandi sól
34%
No matching quizzes found
Score Distribution
Percent of People with Each Score
Percentile by Number Answered
Your Score History
You have not taken this quiz